The World's 50 Largest Cities by Letter - L - Statistics

General Stats
  • This quiz has been taken 1,573 times
  • The average score is 25 of 50
Answers on the Map
Answers color-coded by a green-red scale on the quiz's map according to % correct below.
 
Answer Stats
# Population Country Urban Area % Correct
4 13,475,297 United Kingdom London
99%
5 11,166,200 Peru Lima
98%
9 3,011,919 Portugal Lisbon
98%
2 16,206,529 United States Los Angeles
98%
1 24,187,400 Nigeria Lagos
95%
13 2,574,188 United States Las Vegas
94%
18 2,090,206 France Lyon
94%
10 3,010,473 United Kingdom Leeds
92%
21 1,729,058 United Kingdom Liverpool
92%
32 934,115 China Lu'an
92%
6 10,212,263 Angola Luanda
91%
19 2,016,015 Bolivia La Paz
90%
3 15,696,939 Pakistan Lahore
88%
8 3,215,068 Zambia Lusaka
83%
26 1,226,810 France Lille
78%
27 1,162,500 Malawi Lilongwe
77%
33 921,345 Ukraine Lviv
77%
42 784,344 Germany Leipzig
75%
24 1,359,669 United States Louisville
74%
15 2,382,869 Togo Lomé
72%
30 1,041,339 Poland Łódź
70%
37 873,336 Gabon Libreville
69%
47 713,491 United Kingdom Leicester
65%
7 5,377,902 India Lucknow
64%
28 1,144,408 Belgium Liège
58%
11 2,812,000 D.R. Congo Lubumbashi
55%
20 1,924,771 Mexico León
42%
12 2,804,663 China Lanzhou
41%
36 878,895 Argentina La Plata
30%
16 2,288,672 China Linyi
28%
17 2,286,743 China Luoyang
26%
35 897,898 China Luzhou
26%
34 920,618 France Lens - Douai
23%
14 2,475,066 India Ludhiana
23%
22 1,690,667 China Liuzhou
20%
31 1,028,872 Angola Lubango
17%
46 736,802 Brazil Londrina
14%
25 1,316,084 China Lianyungang
9%
40 817,328 China Langfang
7%
43 776,287 China Liaoyang
7%
29 1,129,148 China Linfen
7%
50 640,459 Pakistan Larkana
6%
44 770,748 China Leshan
5%
39 820,727 China Liaocheng
5%
38 837,007 China Liupanshui
5%
23 1,603,883 China Luohe
5%
45 758,222 China Laiyang - Laixi
3%
49 670,234 China Loudi
3%
48 679,311 China Laiwu
2%
41 798,054 China Leiyang
1%
No matching quizzes found
Score Distribution
Percent of People with Each Score
Percentile by Number Answered
Your Score History
You have not taken this quiz